LEADER 01087nam2 22003371i 450 001 990005383560403321 005 20250226093804.0 035 $aFED01000538356 035 $a(Aleph)000538356FED01 035 $a000538356 100 $a19990530d1911----km-y0itay50------ba 101 0 $afre 102 $aFR 105 $aaf------001yy 200 1 $a<<9.: La >>Grèce archaïque$ela glyptique, la numismatique, la peinture, la céramique, contenant 22 planches hors texte et 367 gravures$fpar Georges Perrot 210 $aParis$cLibraire Hachette et C.$d1911 215 $a699 p., 22 tav. f.t.$cill.$d28 cm 461 1$1001990005383170403321$12001$aHistoire de l'art dans l'antiquité$v9 610 0 $aGlittica 610 0 $aArte antica$aStoria 676 $a738.0901$v22$zita 676 $a737$v22$zita 676 $a736.2$v22$zita 700 1$aPerrot,$bGeorges$0179192 801 0$aIT$bUNINA$gRICA$2UNIMARC 901 $aBK 912 $a990005383560403321 952 $aARCH. O 077 4 h$bS.I.$fFLFBC 959 $aFLFBC 996 $aGrèce archaïque$91506674 997 $aUNINA LEADER 01912nam 2200529I 450 001 9910706590403321 005 20240704204543.0 035 $a(CKB)5470000002456539 035 $a(OCoLC)1011358107 035 $a(EXLCZ)995470000002456539 100 $a20171113j200101 ua 0 101 0 $aeng 135 $aurbn||||||||| 181 $ctxt$2rdacontent 182 $cc$2rdamedia 183 $acr$2rdacarrier 200 10$aDeformation and life analysis of composite flywheel disk and multi-disk systems /$fS.M. Arnold, A.F. Saleeb and N.R. Al-Zoubi 210 1$aCleveland, Ohio :$cNational Aeronautics and Space Administration, Glenn Research Center,$dJanuary 2001. 215 $a1 online resource (50 pages) $cillustrations 225 1 $aNASA/TM ;$v2001-210578 300 $a"January 2001." 300 $a"Performing organization: National Aeronautics and Space Administration, John H. Glenn Research Center at Lewis Field"--Report documentation page. 320 $aIncludes bibliographical references (pages 25-31). 606 $aDesign analysis$2nasat 606 $aFailure analysis$2nasat 606 $aMathematical models$2nasat 606 $aRotating disks$2nasat 606 $aStress analysis$2nasat 606 $aFlywheels$2nasat 606 $aElastic deformation$2nasat 615 7$aDesign analysis. 615 7$aFailure analysis. 615 7$aMathematical models. 615 7$aRotating disks. 615 7$aStress analysis. 615 7$aFlywheels. 615 7$aElastic deformation. 700 $aArnold$b S. M.$01390992 702 $aSaleeb$b Atef F$g(Atef Fatthy),$f1952- 702 $aAl-Zoubi$b N. R. 712 02$aNASA Glenn Research Center, 801 0$bGPO 801 1$bGPO 906 $aBOOK 912 $a9910706590403321 996 $aDeformation and life analysis of composite flywheel disk and multi-disk systems$93501315 997 $aUNINA